Only Countries that defeated Austria in FIFA - Statistics

General Stats
  • This quiz has been taken 18 times
  • The average score is 7 of 8
Answer Stats
Times Defeated Country % Correct
1 France
100%
4 Italy
100%
1 Germany
94%
2 West Germany
94%
2 Brazil
89%
1 Netherlands
72%
1 Soviet Union
61%
1 Czechoslovakia
56%
No matching quizzes found
Score Distribution
Percent of People with Each Score
Percentile by Number Answered
Your Score History
You have not taken this quiz